personnages principaux-tous manga- - Statistiques

Statistiques générales
  • Ce quiz a été pris 7 723 fois
  • Le résultat moyen est 27 sur 50
Statistiques - réponses
Hint Réponse % Correct
Naruto Naruto
100%
One piece Luffy
99%
Boruto Boruto
97%
Attaque des titans Eren
93%
Dragon ball Z Goku
90%
Hunter X Hunter Gon
90%
Death note Light
89%
One punch man Saitama
85%
Demon slayer Tanjiro
84%
My hero Academia Izuku
83%
Fairy tails Natsu
83%
Seven deadly sins Meliodas
82%
Bleach Ichigo
78%
Tokyo ghoul Kaneki
77%
Black clover Asta
69%
Kuroko basket Kuroko
68%
Haikyu Hinata
67%
Jujutsu kaisen Itadori
67%
Pokemon Sasha
67%
Captain tsubasa Tsubasa
67%
The promised neverland Emma
61%
Tokyo revengers Takemichi
61%
Full metal alchemist Edward
59%
GTO Onizuka
59%
Yu gi oh Yugi
58%
Berserk Guts
52%
Hajime no ippo Ippo
52%
Assassination classroom Koro
52%
Dr stone Senku
51%
Sword art online Kirito
50%
Saint seiya Seiya
50%
Food wars Soma
47%
Code geass Lelouch
46%
Inazuma eleven Mark Evans
46%
Kaguya-sama love is war Kaguya
43%
Jojo bizarre adventure Joestar
39%
Boku no pico Pico
32%
Fire force Shinra
32%
Blue exorcist Rin
26%
Black butler Ciel
21%
Gintama Gintoki
21%
Detective conan Kudo
14%
Soul eater Maka
13%
Parasite Izumi
11%
You're lie in april Arima
10%
Erased Satoru
10%
Evangelion Ikari
9%
Slam dunk Sakuragi
8%
The seraph of the end Yuichiro
6%
Hight school of the dead Takashi
3%
Aucun quiz correspondant
Distribution des résultats
% des personnes avec chaque résultat
Percentile par nombre de réponses
Votre historique - résultats
Vous n’avez pas pris ce quiz